000 01196cam a22003371u 4500
001 3137
003 FISKH
005 20240208112732.0
008 720510s1945 nyua j 000 1 eng
010 _a 45009585
020 _a9780141305066
035 _a(OCoLC)305785
040 _aDLC
_beng
_cODaWU
_dOCoLC
_dDLC
050 0 0 _aPZ10.3.W5845
_bSt
082 _a813.52
100 1 _aWhite, E. B.
_q(Elwyn Brooks),
_d1899-1985.
245 1 0 _aStuart Little /
_cE. B. White ; Illustrations by Garth Williams.
250 _aThis edition published 2000
260 _aNew York :
_bPuffin Books,
_c1945
300 _a131 pages ;
_billustrations ;
_c20 cm
500 _aAt head of title: E. B. White.
500 _a"First edition."
505 _aZ'
520 _aThe adventures of the debonair mouse Stuart Little as he sets out in the world to seek out his dearest friend, a little bird who stayed a few days in his family's garden.
521 8 _a920
_bLexile
521 8 _aZ'
_bRaz-Plus
650 _aFantasy
_vFiction
_xChildren's Literature
_yMouse
700 _aWilliams, Garth
_eillustrator
906 _a7
_bcbc
_coclcrpl
_du
_encip
_f19
_gy-gencatlg
942 _2ddc
_cBK
_n0
999 _c3137
_d3137